| 000 | 00493nam a2200181Ia 4500 | ||
|---|---|---|---|
| 001 | 3685 | ||
| 005 | 20260306145701.0 | ||
| 008 | 260306t2012||||xx |||||||||||||| ||spa|| | ||
| 041 | _aESP | ||
| 082 |
_a302 _bC78 |
||
| 100 |
_aCorral Verdugo, Victor _eAUT |
||
| 245 | 0 |
_aPsicología de la sustentabilidad: _bun análisis de lo que nos hace pro ecológicos y pro sociales |
|
| 260 | _c2012 | ||
| 300 |
_a292 páginas : _c23 cm. |
||
| 650 | _aGEN | ||
| 654 | _aCPS | ||
| 942 |
_cLIB _dJUS _fJUS _2ddc _n |
||
| 999 |
_c3685 _d3685 |
||